[Event "4.Griesheimer Schachtage 2008"]
[Site "Griesheim"]
[Date "2008.05.16"]
[Round "1"]
[White "Grabarczyk, Bogdan"]
[Black "Schröder, Oliver"]
[Result "1-0"]
[WhiteElo "2400"]
[BlackElo "1743"]
[PlyCount "57"]

1. e4 g6 2. d4 Bg7 3. Nc3 d6 4. f4 Nd7 5. Nf3 c5 6. d5 a6 7. a4 Ngf6 8. Bd3
O-O 9. O-O Qc7 10. Re1 Ne8 11. Be3 e5 12. dxe6 fxe6 13. Bc4 Nb6 14. Bf1 Bd7
15. a5 Nc8 16. h3 Ne7 17. Bc4 Kh8 18. Ng5 Bxc3 19. bxc3 Ng7 20. Qd2 Rad8
21. Qf2 Ng8 22. Bd3 Rde8 23. Qh4 h6 24. Nf3 Qd8 25. e5 Nf5 26. Bxf5 exf5
27. Qxd8 Rxd8 28. exd6 Bc6 29. Ne5 1-0

[Event "4.Griesheimer Schachtage 2008"]
[Site "Griesheim"]
[Date "2008.05.16"]
[Round "1"]
[White "Simak, Jaroslav"]
[Black "Pfrommer, Christoph"]
[Result "0-1"]
[WhiteElo "1709"]
[BlackElo "2302"]
[PlyCount "58"]

1. e4 c5 2. d4 cxd4 3. c3 Nf6 4. e5 Nd5 5. cxd4 d6 6. exd6 Qxd6 7. Nc3 Nc6
8. Bc4 Be6 9. Bb3 g6 10. Nf3 Bg7 11. O-O O-O 12. Na4 Qd8 13. Nc5 Bc8 14. Re1 b6
15. Ne4 Bg4 16. Be3 Na5 17. h3 Nxb3 18. axb3 Bf5 19. Ng3 Be6 20. Ng5 Bc8 21. h4
Bb7 22. f4 Nxe3 23. Rxe3 Qxd4 24. Qe2 Qxb2 25. Re1 Qxe2 26. R3xe2 e6 27. h5 a5
28. hxg6 hxg6 29. Nxf7 Kxf7 0-1

[Event "4.Griesheimer Schachtage 2008"]
[Site "Griesheim"]
[Date "2008.05.16"]
[Round "1"]
[White "Hahn, Werner"]
[Black "Kellerwessel, Ralf"]
[Result "1/2-1/2"]
[WhiteElo "2024"]
[BlackElo "1696"]
[PlyCount "88"]

1. b3 e5 2. Bb2 Nc6 3. e3 Nf6 4. Bb5 Bd6 5. d4 exd4 6. exd4 O-O 7. Ne2 a6
8. Bd3 b5 9. O-O Bb7 10. Ng3 Re8 11. a4 b4 12. Nd2 Bf4 13. Nde4 d5 14. Nc5 Bc8
15. Qf3 Bd2 16. h3 Bc3 17. Bxc3 bxc3 18. Rad1 Qd6 19. Nh5 Nxh5 20. Qxh5 g6
21. Qh4 Kg7 22. Rfe1 Rxe1+ 23. Rxe1 Qf6 24. Qxf6+ Kxf6 25. Re8 Nxd4 26. f4 Ne6
27. Nxe6 fxe6 28. Rh8 Kg7 29. Rd8 Kf6 30. g4 e5 31. fxe5+ Kxe5 32. Rh8 a5
33. Rxh7 Ba6 34. Bxg6 c5 35. Kf2 c4 36. bxc4 Bxc4 37. h4 Kf4 38. g5 Rg8 39. Bf7
Rb8 40. g6 Rb2 41. g7 Rxc2+ 42. Kg1 Rc1+ 43. Kh2 Rc2+ 44. Kg1 Rc1+ 1/2-1/2

[Event "4.Griesheimer Schachtage 2008"]
[Site "Griesheim"]
[Date "2008.05.16"]
[Round "1"]
[White "Auschkalnis, Reinhard"]
[Black "Chernyavskyy, Anton"]
[Result "0-1"]
[WhiteElo "1685"]
[BlackElo "2020"]
[PlyCount "62"]

1. d4 Nf6 2. c4 g6 3. Nf3 Bg7 4. g3 O-O 5. Bg2 d6 6. O-O Nbd7 7. Nc3 e5 8. h3
Re8 9. e4 a6 10. Re1 exd4 11. Nxd4 Rb8 12. Be3 Ne5 13. b3 c5 14. Nde2 b5
15. cxb5 axb5 16. f4 Ned7 17. Rc1 b4 18. e5 bxc3 19. exf6 Nxf6 20. Nxc3 Bb7
21. Qc2 Qb6 22. Rcd1 Bxg2 23. Qxg2 Qa5 24. Bd2 c4 25. Ne4 Qxa2 26. bxc4 Qxc4
27. Ng5 d5 28. Be3 Ne4 29. Nf3 Rb2 30. Nd2 Nxd2 31. Rxd2 Rxe3 0-1

[Event "4.Griesheimer Schachtage 2008"]
[Site "Griesheim"]
[Date "2008.05.16"]
[Round "1"]
[White "Peters, Ingo"]
[Black "Cymbalista, Peter"]
[Result "1-0"]
[WhiteElo "1968"]
[BlackElo "1646"]
[PlyCount "57"]

1. e4 e5 2. Nc3 Nf6 3. Bc4 Bc5 4. d3 c6 5. Nf3 d6 6. O-O O-O 7. Bb3 b5 8. Be3
Bxe3 9. fxe3 Bg4 10. Qe1 Bh5 11. Nh4 a5 12. a3 Ra7 13. Qg3 g6 14. h3 a4 15. Ba2
Kh8 16. Qg5 Nbd7 17. g4 Qb6 18. Rxf6 Nxf6 19. Qxf6+ Kg8 20. Kf2 b4 21. Nf5 gxf5
22. gxh5 Rd8 23. Rg1+ Kf8 24. h6 Ke8 25. Rg8+ Kd7 26. Rxd8+ Qxd8 27. Qxf7+ Kc8
28. Qxa7 Qh4+ 29. Ke2 1-0

[Event "4.Griesheimer Schachtage 2008"]
[Site "Griesheim"]
[Date "2008.05.16"]
[Round "1"]
[White "Glende, Dirk"]
[Black "Aberle, Harry"]
[Result "1-0"]
[WhiteElo "1646"]
[BlackElo "1909"]
[PlyCount "73"]

1. d4 f5 2. c4 Nf6 3. Nf3 g6 4. Nc3 Bg7 5. g3 O-O 6. Bg2 d6 7. O-O Kh8 8. e3
a6 9. Qc2 Nc6 10. d5 Ne5 11. Nxe5 dxe5 12. b3 Rb8 13. Bb2 Qe8 14. Rad1 Bd7
15. Ne2 Nh5 16. f4 e4 17. Bxg7+ Nxg7 18. Qc3 c5 19. dxc6 bxc6 20. Qe5 Rb7
21. Rd2 Be6 22. Rfd1 Qc8 23. Nd4 Bf7 24. Bf1 Rd8 25. c5 Rbd7 26. Bc4 Kg8
27. Be6 Rd5 28. Bxd5 cxd5 29. c6 Kf8 30. b4 Rd6 31. Rc1 Qc7 32. a4 h5 33. b5
axb5 34. Nxb5 Qa5 35. Qc3 Qxa4 36. Nxd6 exd6 37. c7 1-0

[Event "4.Griesheimer Schachtage 2008"]
[Site "Griesheim"]
[Date "2008.05.16"]
[Round "1"]
[White "Höck, Raimund"]
[Black "Josic, Ivica"]
[Result "1-0"]
[WhiteElo "1897"]
[BlackElo "1595"]
[PlyCount "75"]

1. d4 d5 2. c4 dxc4 3. Nf3 Nf6 4. e3 b5 5. b3 cxb3 6. Bxb5+ c6 7. Bc4 bxa2
8. Rxa2 Bg4 9. Ne5 Be6 10. Bxe6 fxe6 11. O-O g6 12. Qa4 Bg7 13. Nxc6 Nxc6
14. Qxc6+ Kf7 15. Nd2 Nd5 16. Ba3 Qb6 17. Qc1 Rhc8 18. Bc5 Qc7 19. Qa3 e5
20. Nf3 exd4 21. exd4 Bf6 22. Re1 h6 23. Ne5+ Kg7 24. Qg3 g5 25. Qf3 Nf4 26. g3
Ne6 27. Qf5 Nf8 28. Ng4 Re8 29. Rae2 Qd7 30. Qe4 Ng6 31. Nxf6 exf6 32. Qxe8
Rxe8 33. Rxe8 Kf7 34. Ra8 Qd5 35. Rxa7+ Ne7 36. Rexe7+ Kg6 37. g4 f5 38. Ra6+
1-0

[Event "4.Griesheimer Schachtage 2008"]
[Site "Griesheim"]
[Date "2008.05.16"]
[Round "1"]
[White "Münch, Sebastian"]
[Black "Göbel, Constantin"]
[Result "0-1"]
[WhiteElo "1591"]
[BlackElo "1862"]
[PlyCount "106"]

1. b3 d5 2. e3 Nf6 3. Bb2 Bf5 4. f4 Nbd7 5. Nf3 e6 6. h3 h6 7. Nc3 Bb4 8. Ne2
c5 9. Ng3 Bh7 10. Bb5 a6 11. Bxd7+ Nxd7 12. Nh5 Rg8 13. O-O Nf6 14. Ne5 Qe7
15. Nxf6+ Qxf6 16. Nd3 Qe7 17. Nxb4 cxb4 18. d3 Rc8 19. Rc1 Rc6 20. Qf3 Qc7
21. Be5 Qc8 22. Qe2 Ke7 23. e4 dxe4 24. dxe4 f6 25. Bb2 Qc7 26. Rf2 Rc8 27. f5
exf5 28. exf5+ Kf8 29. Qd2 a5 30. a3 Qb6 31. axb4 axb4 32. Kh1 Rd8 33. Qe1 Re8
34. Qd2 Rd6 35. Qf4 Rd5 36. g4 Bg8 37. h4 Rd7 38. g5 Re4 39. Qg3 Re3 40. Qf4
Bd5+ 41. Kh2 Re4 42. Qg3 Rg4 43. Qxg4 Qxf2+ 44. Kh3 Re7 45. Bd4 Qd2 46. Ra1 b6
47. gxf6 gxf6 48. Rg1 Qxc2 49. Bxb6 Qd3+ 50. Qg3 Qxf5+ 51. Qg4 Qd3+ 52. Qg3 Qd2
53. Bc5 Be6+ 0-1

[Event "4.Griesheimer Schachtage 2008"]
[Site "Griesheim"]
[Date "2008.05.16"]
[Round "1"]
[White "Tierling, Detlef"]
[Black "Mainka, Walter"]
[Result "1-0"]
[WhiteElo "1860"]
[BlackElo "1572"]
[PlyCount "61"]

1. e4 c5 2. Nf3 Nc6 3. d4 cxd4 4. Nxd4 e6 5. Nc3 a6 6. Be3 Nf6 7. Be2 Be7
8. f4 d6 9. Qd2 Bd7 10. Bf3 Rc8 11. g4 b5 12. g5 Ng8 13. f5 Ne5 14. fxe6 fxe6
15. O-O g6 16. Be2 b4 17. Nd1 a5 18. Nf2 Nf7 19. Ba6 Rc5 20. h4 Qa8 21. Bd3 Ne5
22. Be2 Qc8 23. Ng4 Nf7 24. Rxf7 Kxf7 25. Rf1+ Ke8 26. Nf6+ Nxf6 27. gxf6 Bf8
28. Nb3 Rxc2 29. f7+ Kd8 30. Bg5+ Be7 31. Qxd6 1-0

[Event "4.Griesheimer Schachtage 2008"]
[Site "Griesheim"]
[Date "2008.05.16"]
[Round "1"]
[White "Mook, Karl-Jürgen"]
[Black "Führer, Michael"]
[Result "0-1"]
[WhiteElo "1371"]
[BlackElo "1837"]
[PlyCount "84"]

1. e4 e5 2. Nf3 Nc6 3. Bb5 a6 4. Ba4 Nf6 5. O-O Nxe4 6. d4 b5 7. Bb3 d5
8. dxe5 d4 9. Bf4 Bf5 10. Nbd2 Nc5 11. Re1 Be7 12. Rc1 O-O 13. c4 Nb4 14. cxb5
axb5 15. Nxd4 Qxd4 16. Be3 Qd7 17. Bxc5 Nd3 18. Bxe7 Qxe7 19. Qf3 Bg6 20. Bd5
Nxe1 21. Rxe1 Rad8 22. Nb3 c5 23. Na5 Qd7 24. Bc6 Qd2 25. Qc3 b4 26. Qc1 Rd4
27. Qxd2 Rxd2 28. Nc4 Rc2 29. Nd6 Rxb2 30. Bd5 Rd2 31. Bb3 h6 32. f4 Rd8 33. f5
R8xd6 34. fxg6 Rxg6 35. g3 Kf8 36. Rf1 f6 37. e6 Ke7 38. Rc1 Rg5 39. Rc4 Re5
40. Rc1 Ree2 41. Rd1 Rxd1+ 42. Bxd1 Re1+ 0-1

[Event "4.Griesheimer Schachtage 2008"]
[Site "Griesheim"]
[Date "2008.05.16"]
[Round "1"]
[White "Schmitt, Roland"]
[Black "Bauer, Björn-Benny"]
[Result "1-0"]
[WhiteElo "1833"]
[BlackElo "1321"]
[PlyCount "55"]

1. d4 Nf6 2. c4 g6 3. Nc3 d5 4. cxd5 Nxd5 5. e4 Nf6 6. Bc4 Bg7 7. Nge2 Nbd7
8. e5 Ng8 9. e6 fxe6 10. O-O Nb6 11. Bb3 Nf6 12. Nf4 Nfd5 13. Qe2 Qd7 14. Nd3
O-O 15. Ne5 Nxc3 16. bxc3 Qd6 17. Re1 Kh8 18. Qe4 Nd5 19. Bd2 c6 20. Bc2 Nf6
21. Qh4 Kg8 22. Re3 c5 23. Rg3 Bd7 24. Bxg6 hxg6 25. Rxg6 Be8 26. Rxg7+ Kxg7
27. Bh6+ Kg8 28. Qg5+ 1-0

[Event "4.Griesheimer Schachtage 2008"]
[Site "Griesheim"]
[Date "2008.05.16"]
[Round "1"]
[White "Spitzl, Vinzent"]
[Black "Larem, Peter"]
[Result "0-1"]
[WhiteElo "1098"]
[BlackElo "1790"]
[PlyCount "44"]

1. e4 e5 2. Nf3 Nf6 3. Nxe5 d6 4. Nf3 Nxe4 5. d4 d5 6. Bd3 Be7 7. O-O Nc6
8. h3 O-O 9. Nbd2 f5 10. c3 Kh8 11. Nb3 Bd7 12. Bf4 g5 13. Be5+ Bf6 14. Bxf6+
Qxf6 15. Qc1 f4 16. Re1 g4 17. Bxe4 dxe4 18. Nh2 gxh3 19. Rxe4 Qg6 20. Qf1 Qxe4
21. f3 Qe3+ 22. Qf2 Rg8 0-1

[Event "4.Griesheimer Schachtage 2008"]
[Site "Griesheim"]
[Date "2008.05.16"]
[Round "1"]
[White "Adamczyk, Matthias"]
[Black "Bars, Alexander"]
[Result "1-0"]
[WhiteElo "1781"]
[BlackElo "961"]
[PlyCount "45"]

1. d4 d5 2. Nf3 Nc6 3. Bf4 Nf6 4. e3 e6 5. a3 Bd6 6. Bg3 Ne4 7. c4 Bxg3
8. hxg3 Qf6 9. Bd3 Bd7 10. Qc2 Qg6 11. Nc3 f5 12. cxd5 Nxc3 13. dxc6 Bxc6
14. bxc3 O-O-O 15. a4 Qf6 16. Rg1 Bxf3 17. gxf3 g6 18. a5 e5 19. Rb1 b6 20. Qa4
exd4 21. exd4 Rd5 22. axb6 cxb6 23. Qc6+ 1-0

[Event "4.Griesheimer Schachtage 2008"]
[Site "Griesheim"]
[Date "2008.05.17"]
[Round "2"]
[White "Führer, Michael"]
[Black "Grabarczyk, Bogdan"]
[Result "0-1"]
[WhiteElo "1837"]
[BlackElo "2400"]
[PlyCount "68"]

1. e4 c5 2. Nf3 e6 3. c4 a6 4. Nc3 Qc7 5. d4 cxd4 6. Nxd4 Nf6
7. Be2 b6 8. O-O Bb7 9. f3 Bd6 10. f4 Nxe4 11. Na4 Nc6 12. Be3 Nc5 13. Nc3 Be7
14. Qd2 f5 15. Rad1 O-O 16. Nc2 Rad8 17. Bf3 Nb8 18. Bd4 Bxf3 19. Rxf3 Nc6 20.
Bf2 Ne4 21. Nxe4 fxe4 22. Rh3 Bc5 23. g3 d5 24. Qe2 Ne5 25. Ne1 Nxc4 26. Bxc5
Qxc5+ 27. Kh1 Ne3 28. b4 Qc4 29. Qxe3 Qf1+ 30. Qg1 Qxh3 31. Nc2 Rxf4 32. Qxb6
Rf1+ 33. Rxf1 Qxf1+ 34. Qg1 Qf3+ 0-1

[Event "4.Griesheimer Schachtage 2008"]
[Site "Griesheim"]
[Date "2008.05.17"]
[Round "2"]
[White "Pfrommer, Christoph"]
[Black "Tierling, Detlef"]
[Result "1-0"]
[WhiteElo "2302"]
[BlackElo "1860"]
[PlyCount "79"]

1. Nf3 Nf6 2. c4 c5 3. Nc3 Nc6 4. g3 d6 5. Bg2 e5 6. O-O Be6 7. d3 h6 8. a3 Qd7
9. Rb1 Be7 10. b4 cxb4 11. axb4 Bh3 12. e4 O-O 13. b5 Na5 14. Nh4 Bxg2 15. Kxg2
Rfe8 16. Nf5 Bf8 17. f4 b6 18. fxe5 dxe5 19. Nxh6+ gxh6 20. Rxf6 Bg7 21. Rf1
Re6 22. Nd5 Rg6 23. Ba3 Re8 24. Rb2 Nb7 25. Rbf2 Nd8 26. Qh5 Kh7 27. Qf5 Ree6
28. Bb4 Kh8 29. Ra2 Rg5 30. Qh3 a5 31. bxa6 Nc6 32. Bd2 Rgg6 33. Be3 Na7 34.
Qf5 Kg8 35. Bxb6 Rgf6 36. Nxf6+ Bxf6 37. Qf2 Qxd3 38. Bxa7 Qxe4+ 39. Kg1 Qxc4
40. Be3 1-0

[Event "4.Griesheimer Schachtage 2008"]
[Site "Griesheim"]
[Date "2008.05.17"]
[Round "2"]
[White "Chernyavskyy, Anton"]
[Black "Schmitt, Roland"]
[Result "1-0"]
[WhiteElo "2020"]
[BlackElo "1833"]
[PlyCount "113"]

1. e4 c5 2. c3 d5 3. exd5 Qxd5 4. d4 Nf6 5. Nf3 Bg4 6. Be2 e6 7. O-O Nc6 8. Be3
cxd4 9. Nxd4 Bxe2 10. Qxe2 Nxd4 11. Bxd4 Be7 12. Nd2 O-O 13. Nf3 Qe4 14. Qxe4
Nxe4 15. Rad1 Rfd8 16. Rfe1 Nc5 17. Rd2 Rac8 18. Red1 Ne4 19. Rd3 f6 20. Kf1
Kf7 21. Ke2 b6 22. a4 Rd5 23. Be3 Rxd3 24. Rxd3 Nd6 25. Nd2 e5 26. f3 Ke6 27.
b3 f5 28. c4 Nb7 29. Rd5 Bc5 30. Bxc5 Rxc5 31. Rd3 a5 32. Kd1 Rc6 33. Kc2 Rd6
34. Re3 Nc5 35. Nb1 e4 36. fxe4 fxe4 37. Nc3 Ke5 38. Nd5 g6 39. Kc3 h5 40. h4
Ne6 41. Rg3 g5 42. hxg5 Nf4 43. Kc2 Nxd5 44. cxd5 Kf4 45. Rh3 Rxd5 46. Rxh5 e3
47. Rh4+ Kg3 48. Re4 Kf2 49. g6 e2 50. g7 Rd8 51. Rf4+ Ke1 52. Rf8 Rd2+ 53. Kc3
Kd1 54. Re8 Rc2+ 55. Kd3 Rc8 56. Rxc8 e1=Q 57. g8=Q 1-0

[Event "4.Griesheimer Schachtage 2008"]
[Site "Griesheim"]
[Date "2008.05.17"]
[Round "2"]
[White "Larem, Peter"]
[Black "Peters, Ingo"]
[Result "0-1"]
[WhiteElo "1790"]
[BlackElo "1968"]
[PlyCount "62"]

1. e4 c5 2. c3 Nf6 3. e5 Nd5 4. d4 cxd4 5. Nf3 Nc6 6. Bc4 Nb6 7. Bb3 d5 8. exd6
Qxd6 9. cxd4 Be6 10. Nc3 Bxb3 11. axb3 Rd8 12. O-O e6 13. Nb5 Qb8 14. g3 Nd5
15. Qe2 a6 16. Nc3 Be7 17. Ne4 Qc7 18. Bd2 O-O 19. Rfc1 Qb6 20. Qc4 Bb4 21.
Bxb4 Ndxb4 22. Nc5 Rd5 23. Na4 Qd8 24. Ne5 Rxd4 25. Nxc6 Nxc6 26. Qc5 Qf6 27.
Nb6 Ne5 28. Rd1 Nf3+ 29. Kg2 Rfd8 30. Rxd4 Nxd4 31. f4 Nxb3 0-1

[Event "4.Griesheimer Schachtage 2008"]
[Site "Griesheim"]
[Date "2008.05.17"]
[Round "2"]
[White "White, Herbert"]
[Black "Höck, Raimund"]
[Result "1/2-1/2"]
[WhiteElo "1752"]
[BlackElo "1897"]
[PlyCount "86"]

1. d4 d5 2. c4 c6 3. Nc3 Nf6 4. Nf3 e6 5. Bg5 Be7 6. e3 h6 7. Bh4 Ne4 8. Bxe7
Nxc3 9. bxc3 Qxe7 10. a4 a5 11. c5 Nd7 12. Rb1 O-O 13. Be2 b6 14. cxb6 Rb8 15.
O-O Rxb6 16. Rxb6 Nxb6 17. Ne5 Qc7 18. Qb3 Bd7 19. Rb1 Rb8 20. c4 Bc8 21. Qc2
dxc4 22. Nxc4 Nxc4 23. Rxb8 Qxb8 24. Qxc4 Qb6 25. Bd3 Bd7 26. h4 h5 27. Kf1 Kf8
28. Ke1 Ke7 29. Kd2 Kd6 30. e4 f6 31. f4 Qb2+ 32. Bc2 Qa3 33. e5+ Ke7 34. Qc3
Qxc3+ 35. Kxc3 f5 36. Kc4 Kd8 37. Kc5 Kc7 38. Bd1 g6 39. Be2 Bc8 40. Bc4 Bd7
41. Ba6 Be8 42. Kc4 Bd7 43. Kc5 Be8 1/2-1/2

[Event "4.Griesheimer Schachtage 2008"]
[Site "Griesheim"]
[Date "2008.05.17"]
[Round "2"]
[White "Göbel, Constantin"]
[Black "Adamczyk, Matthias"]
[Result "1-0"]
[WhiteElo "1862"]
[BlackElo "1781"]
[PlyCount "77"]

1. e4 e5 2. Nf3 Nf6 3. Nxe5 d6 4. Nf3 Nxe4 5. Nc3 Nf6 6. d4 d5 7. Bd3 Bb4 8.
O-O O-O 9. Bg5 c6 10. Ne5 h6 11. Bh4 Be7 12. f4 Qb6 13. Ne2 Qxb2 14. Rb1 Qxa2
15. Ng3 Qa3 16. Bf5 Ne4 17. Bxe7 Qxe7 18. Bxe4 dxe4 19. f5 Nd7 20. Ng4 Nf6 21.
Nxf6+ Qxf6 22. Nh5 Qg5 23. Rb3 e3 24. h4 Qxh4 25. Rxe3 Kh7 26. Rf4 Qd8 27. Rg3
g5 28. Rf1 c5 29. d5 f6 30. Re3 Bd7 31. Rfe1 Rf7 32. d6 Qf8 33. Re7 Kh8 34.
Rxf7 Qxf7 35. Re7 Qc4 36. Rxd7 Qc3 37. Re7 Rd8 38. d7 Qa5 39. Nxf6 1-0

[Event "4.Griesheimer Schachtage 2008"]
[Site "Griesheim"]
[Date "2008.05.17"]
[Round "2"]
[White "Kellerwessel, Ralf"]
[Black "Glende, Dirk"]
[Result "1/2-1/2"]
[WhiteElo "1696"]
[BlackElo "1646"]
[PlyCount "32"]

1. d4 d5 2. Nf3 Nf6 3. Bg5 e6 4. e3 Be7 5. Be2 O-O 6. O-O h6 7. Bh4 c5 8. c4
dxc4 9. Bxc4 cxd4 10. Nxd4 Qc7 11. Qe2 Nc6 12. Nxc6 Qxc6 13. Nc3 a6 14. Rfd1 b5
15. Bd3 Bb7 16. f3 Qb6 1/2-1/2

[Event "4.Griesheimer Schachtage 2008"]
[Site "Griesheim"]
[Date "2008.05.17"]
[Round "2"]
[White "Aberle, Harry"]
[Black "Hahn, Werner"]
[Result "1-0"]
[WhiteElo "1909"]
[BlackElo "2024"]
[PlyCount "83"]

1. d4 Nf6 2. c4 g6 3. Nf3 Bg7 4. Nc3 O-O 5. e4 d6 6. Be2 e5 7. dxe5 dxe5 8.
Qxd8 Rxd8 9. Bg5 Re8 10. Nb5 Na6 11. Nd2 Rd8 12. Be3 c6 13. Nxa7 Nb4 14. O-O-O
Nxa2+ 15. Kc2 Nb4+ 16. Kc3 Bf8 17. Nxc8 Raxc8 18. Bb6 Rd7 19. c5 Na6 20. b4 Bh6
21. Nc4 Nxe4+ 22. Kb3 Nd2+ 23. Rxd2 Rxd2 24. Nxd2 Bxd2 25. Rd1 Bg5 26. Rd7 Re8
27. Rxb7 Nb8 28. Bc4 Be7 29. Ba7 e4 30. Bxb8 Kg7 31. Be5+ f6 32. Bd6 Kf8 33.
Rxe7 Rxe7 34. b5 cxb5 35. Bxb5 Kf7 36. Bxe7 Kxe7 37. Kc4 f5 38. Kd5 h5 39. Ke5
h4 40. h3 Kd8 41. Kd6 f4 42. c6 1-0

[Event "4.Griesheimer Schachtage 2008"]
[Site "Griesheim"]
[Date "2008.05.17"]
[Round "2"]
[White "Schröder, Oliver"]
[Black "Spitzl, Vinzent"]
[Result "1-0"]
[WhiteElo "1743"]
[BlackElo "1098"]
[PlyCount "139"]

1. c4 c5 2. Nc3 e6 3. e4 Nc6 4. g3 Nge7 5. Bg2 Nd4 6. d3 Nec6 7. a3 Be7 8. Nge2
O-O 9. O-O d6 10. Rb1 Bd7 11. b4 Qc7 12. Bf4 Nxe2+ 13. Nxe2 e5 14. Bd2 Rab8 15.
Nc3 Nd4 16. Nd5 Qd8 17. f4 exf4 18. Bxf4 cxb4 19. axb4 Ne6 20. Be3 a6 21. Bb6
Qe8 22. Bh3 Bd8 23. Ba7 Rc8 24. Qe2 Nc7 25. Bxd7 Qxd7 26. Nb6 Qe6 27. Nxc8 Qxc8
28. Bb6 Ne6 29. Bxd8 Qxd8 30. Qe3 Re8 31. Qf2 f6 32. b5 Nc5 33. Qd4 Qb6 34.
bxa6 Qxa6 35. Qd5+ Kh8 36. Qf7 Rg8 37. Qd5 Qa3 38. Rfd1 Qa6 39. Rb5 Qa7 40. Kh1
Qa6 41. Rdb1 Qc6 42. Qd4 Ra8 43. Rb6 Qc7 44. Rxd6 h6 45. Rd5 Ne6 46. Qb6 Qxb6
47. Rxb6 Ra1+ 48. Kg2 Ra2+ 49. Kh3 Ng5+ 50. Rxg5 hxg5 51. Rxb7 Rd2 52. Rd7 Kg8
53. c5 Rc2 54. d4 Rc4 55. Kg4 Kf8 56. Kf5 Rc2 57. Ke6 Kg8 58. Rd8+ Kh7 59. Kd6
Rd2 60. d5 Kg6 61. c6 Rc2 62. c7 Rxc7 63. Kxc7 Kh5 64. h3 g4 65. Rh8+ Kg5 66.
h4+ Kg6 67. d6 Kf7 68. d7 Kg6 69. d8=Q Kf7 70. Qe8# 1-0

[Event "4.Griesheimer Schachtage 2008"]
[Site "Griesheim"]
[Date "2008.05.17"]
[Round "2"]
[White "Bars, Alexander"]
[Black "Simak, Jaroslav"]
[Result "0-1"]
[WhiteElo "961"]
[BlackElo "1709"]
[PlyCount "62"]

1. e4 e5 2. Nf3 Nc6 3. Nc3 Nf6 4. d4 exd4 5. Nxd4 Bb4 6. Nxc6 bxc6 7. f3 d5 8.
exd5 cxd5 9. Bb5+ Bd7 10. Qe2+ Qe7 11. Bxd7+ Kxd7 12. Qxe7+ Bxe7 13. Bd2 Rhe8
14. O-O-O c6 15. Rhe1 Bd6 16. g3 Re6 17. Rxe6 fxe6 18. Be3 e5 19. Bf2 a5 20.
Na4 Ke6 21. Nc5+ Bxc5 22. Bxc5 a4 23. Rd3 Nd7 24. Be3 d4 25. Bf2 c5 26. c3 Kd5
27. cxd4 exd4 28. Ra3 Nb6 29. Rd3 Re8 30. Kd1 Nc4 31. b3 Nb2+ 0-1

[Event "4.Griesheimer Schachtage 2008"]
[Site "Griesheim"]
[Date "2008.05.17"]
[Round "2"]
[White "Mainka, Walter"]
[Black "Auschkalnis, Reinhard"]
[Result "1/2-1/2"]
[WhiteElo "1572"]
[BlackElo "1685"]
[PlyCount "120"]

1. d4 d5 2. e3 Bf5 3. c4 c6 4. Nf3 Nf6 5. Nc3 e6 6. a3 Nbd7 7. b4 dxc4 8. Bxc4
b5 9. Be2 a5 10. bxa5 Qxa5 11. Bd2 b4 12. Nb1 Nd5 13. O-O Bd6 14. Qc1 Qb6 15.
a4 h6 16. Bc4 O-O 17. Qb2 Rfb8 18. Rc1 N7f6 19. Ne5 Bxe5 20. dxe5 Nd7 21. Qd4
c5 22. Qb2 Qa5 23. Be1 Qd8 24. Bb5 Rc8 25. Nd2 Bg6 26. Nc4 Rc7 27. Nd6 N7f6 28.
h3 Ne4 29. Nxe4 Bxe4 30. f3 Bg6 31. e4 Nb6 32. Rd1 Qe7 33. Rd6 Nc8 34. Rad1 Na7
35. Rd7 Rxd7 36. Rxd7 Qf8 37. Bc4 Nc6 38. Bb5 Nd4 39. Bh4 f6 40. exf6 gxf6 41.
e5 Be8 42. Rb7 Bxb5 43. axb5 Qc8 44. Re7 Nf5 45. Bxf6 Nxe7 46. Bxe7 Ra7 47. Bf6
Qd7 48. b6 Rb7 49. Qc1 b3 50. Kh1 Rxb6 51. Qxh6 Qh7 52. Qd2 Rb8 53. Qd6 Re8 54.
Qc6 Qf7 55. Qb5 c4 56. Qb4 Qc7 57. Qd2 Qf7 58. Qg5+ Kh7 59. Qh4+ Kg8 60. Qg5+
Kh7 1/2-1/2

[Event "4.Griesheimer Schachtage 2008"]
[Site "Griesheim"]
[Date "2008.05.17"]
[Round "2"]
[White "Bauer, Björn-Benny"]
[Black "Münch, Sebastian"]
[Result "1-0"]
[WhiteElo "1321"]
[BlackElo "1591"]
[PlyCount "27"]

1. d4 c6 2. e4 g6 3. Nc3 Bg7 4. Bf4 Qb6 5. Nge2 Qxb2 6. e5 f6
7. e6 dxe6 8. Bc7 Nh6 9. Rb1 Qa3 10. Rb3 Qa6 11. Ng3 b5 12. Nge4 Nd7 13. Nxb5
O-O 14. Nbc3 1-0

[Event "4.Griesheimer Schachtage 2008"]
[Site "Griesheim"]
[Date "2008.05.17"]
[Round "3"]
[White "Grabarczyk, Bogdan"]
[Black "Chernyavskyy, Anton"]
[Result "1-0"]
[WhiteElo "2400"]
[BlackElo "2020"]
[PlyCount "63"]

1. e4 c5 2. Nf3 Nc6 3. d4 cxd4 4. Nxd4 Nf6 5. Nc3 e5 6. Ndb5 d6 7. Bg5 a6 8.
Na3 b5 9. Bxf6 gxf6 10. Nd5 f5 11. c3 Bg7 12. Bd3 Be6 13. Qh5 f4 14. Nc2 O-O
15. g3 f5 16. gxf4 Bxd5 17. exd5 e4 18. dxc6 exd3 19. Ne3 b4 20. O-O bxc3 21.
bxc3 Qc8 22. Qf3 Qe6 23. Qd5 Qxd5 24. Nxd5 Kf7 25. Rfd1 Rab8 26. Rxd3 Rb5 27.
Re1 Rc8 28. Re7+ Kf8 29. Rc7 Re8 30. Rd7 Rc5 31. c7 Rc6 32. Re3 1-0

[Event "4.Griesheimer Schachtage 2008"]
[Site "Griesheim"]
[Date "2008.05.17"]
[Round "3"]
[White "Peters, Ingo"]
[Black "Pfrommer, Christoph"]
[Result "1-0"]
[WhiteElo "1968"]
[BlackElo "2302"]
[PlyCount "65"]

1. e4 c5 2. Nf3 e6 3. d4 cxd4 4. Nxd4 Nc6 5. Nc3 Qc7 6. Be2 a6 7. O-O Nf6 8.
Be3 Bb4 9. Na4 Be7 (9... Nxe4 $6 10. Nxc6 Qxc6 11. Nb6 Rb8 12. Qd4 Bf8 13. Bf3
$16) 10. c4 Nxe4 11. Nxc6 (11. c5 O-O 12. Rc1 {ist Theorie.}) 11... bxc6 12.
Nb6 Rb8 13. Nxc8 Qxc8 14. Qd4 Nf6 15. b3 O-O 16. Rad1 a5 17. Bg5 d5 18. Bd3 Qd8
19. Qh4 g6 20. f4 Re8 21. f5 exf5 22. Rxf5 (22. Bxf5 gxf5 23. Rxf5 Ne4 $19)
22... dxc4 (22... gxf5 23. Bxf5 h5 $1 24. Rd3 Ng4 $19) 23. Rxf6 cxd3 24. Rxf7
Kxf7 25. Qxh7+ Ke6 26. Qxg6+ Ke5 (26... Bf6 27. Qe4+ (27. Re1+ Kd7 28. Qxd3+
Kc7 29. Qg3+ (29. Bf4+ Kb7 $19) 29... Qd6 $17) 27... Kf7 28. Qh7+ $11) 27. Re1+
Kd4 28. Qe4+ (28. Be3+ Kc3 (28... Ke5 29. Bc5+ Kd5 30. Qf5#) 29. Qxc6+ Kb4 (
29... Kb2 30. Qc1+ Kxa2 31. Qc3) 30. Qc4+ Ka3 31. Bc1+ Kxa2 32. b4+ Kb1 33.
Ba3#) 28... Kc3 (28... Kc5 29. Be3+ Kd6 30. Bf4+ Kc5 31. Rc1+ Kb6 32. Rxc6+ Ka7
33. Be3+ $18) 29. Qc4+ Kb2 30. Bc1+ Kb1 31. Ba3+ Kxa2 32. Ra1+ Kxa1 33. Qc3+
1-0

[Event "4.Griesheimer Schachtage 2008"]
[Site "Griesheim"]
[Date "2008.05.17"]
[Round "3"]
[White "Höck, Raimund"]
[Black "Göbel, Constantin"]
[Result "0-1"]
[WhiteElo "1897"]
[BlackElo "1862"]
[PlyCount "94"]

1. d4 d5 2. c4 e6 3. Nf3 Nf6 4. Nc3 Nbd7 5. cxd5 exd5 6. Bg5 Be7 7. e3 O-O 8.
Bd3 Re8 9. O-O Nf8 10. Qc2 c6 11. h3 Be6 12. a3 Rc8 13. b4 N6d7 14. Bf4 Nb6 15.
Na4 Nxa4 16. Qxa4 a6 17. Rfc1 Bd6 18. Bxd6 Qxd6 19. Qc2 f6 20. Nh4 g6 21. Nf3
Bf7 22. Qb2 Nd7 23. a4 Red8 24. a5 Nf8 25. Qc3 Ne6 26. Nd2 Re8 27. Nb3 Ng5 28.
Nc5 Re7 29. Re1 Ne4 30. Nxe4 dxe4 31. Bc4 Rd8 32. Rac1 f5 33. Bxf7+ Rxf7 34. g3
g5 35. Kh2 Re8 36. Qc5 Qf6 37. d5 Re5 38. Rcd1 f4 39. gxf4 gxf4 40. Rg1+ Kh8
41. Qa7 fxe3 42. Qb8+ Rf8 43. Qxb7 exf2 44. dxc6 fxg1=Q+ 45. Rxg1 Re7 46. c7
Qd6+ 47. Kh1 Qxc7 0-1

[Event "4.Griesheimer Schachtage 2008"]
[Site "Griesheim"]
[Date "2008.05.17"]
[Round "3"]
[White "Glende, Dirk"]
[Black "White, Herbert"]
[Result "1-0"]
[WhiteElo "1646"]
[BlackElo "1752"]
[PlyCount "85"]

1. d4 d5 2. c4 c6 3. Nf3 Nf6 4. Nc3 e6 5. Bg5 h6 6. Bxf6 Qxf6 7. e3 Nd7 8. Bd3
Bb4 9. Rc1 e5 10. dxe5 Nxe5 11. Nxe5 Qxe5 12. cxd5 Qxd5 13. O-O {[%emt 0:00:00]
} Bxc3 {[%emt 0:00:13]} 14. Rxc3 Qxa2 15. Qc2 O-O 16. Bc4 Qa5 17. Rd1 Bf5 18.
e4 Bg4 19. f3 Bh5 20. Kf1 Qe5 21. Kg1 Rad8 22. Rcd3 Rxd3 23. Rxd3 Bg6 24. Qd2
Kh7 25. Rd7 Qc5+ 26. Qd4 Qb4 27. Kf2 a5 28. Ba2 Qxd4+ 29. Rxd4 f6 30. Rd7 Rb8
31. Rc7 a4 32. Ke3 Be8 33. f4 b6 34. Bb1 Kg8 35. e5 fxe5 36. fxe5 c5 37. Ba2+
Kf8 38. e6 Bg6 39. Rc6 (39. e7+ Ke8 40. Bd5) 39... Bc2 40. Rc7 Bg6 41. e7+ Ke8
42. Bd5 Be4 43. Kxe4 1-0